Biblioteca "Ernesto Sabato"
Facultad de Derecho y Ciencias Sociales
Facultad de Lenguas
Universidad Nacional del Comahue

La reforma del estado y el orden meritocrático (Record no. 22686)

MARC details
000 -CABECERA
campo de control de longitud fija 00712caa a22001572a 4500
001 - NÚMERO DE CONTROL
campo de control 016934
003 - IDENTIFICADOR DEL NÚMERO DE CONTROL
campo de control AR-FADEU
008 - DATOS DE LONGITUD FIJA--INFORMACIÓN GENERAL
campo de control de longitud fija 311216n########xxu####################dd
092 ## - ASIGNACIÓN LOCAL DE SIGNATURA TOPOGRÁFICA DEWEY (OCLC)
Número de clasificación 330
Número de documento/Ítem C749
100 ## - ENTRADA PRINCIPAL--NOMBRE DE PERSONA
Nombre de persona Cuello, Raúl E., coor.
245 ## - MENCIÓN DE TÍTULO
Título La reforma del estado y el orden meritocrático
300 ## - DESCRIPCIÓN FÍSICA
Extensión PP. 149-168
500 ## - NOTA GENERAL
Nota general En: Los desafíos del nuevo escenario económico internacional / Congreso de Economía. Buenos Aires : Consejo Profesional de Ciencias Económicas, 2001
773 0# - ENLACE AL DOCUMENTO FUENTE/ENTRADA DE REGISTRO ANFITRIÓN
Número bibliográfico anfitrión 22675
Número de ítem anfitrión 22533
Encabezamiento principal Congreso de Economía (5º : 2001 may. 8-10 : Buenos Aires)
Edición
Lugar, editor y fecha de publicación Buenos Aires
Otro identificador del documento 625
Título Los desafíos del nuevo escenario económico internacional
Número de control del registro ( AR-FADEU) 016923
Número Internacional Normalizado para Publicaciones Seriadas
Número Internacional Estándar del Libro 950-9497-51-7
942 ## - ELEMENTOS DE PUNTO DE ACCESO ADICIONAL (KOHA)
Tipo de ítem Koha BDGR

No items available.

Facultad de Derecho y Ciencias Sociales | Universidad Nacional del Comahue | Mendoza y Perú General Roca | Río Negro CP (8332) | Patagonia Argentina | Teléfono: 54-0298-4433670 | | Fax: 0298-4432093 | Fax alumnos: 0298-4435700